000 00550nam a22001937a 4500
003 0
005 20240923092750.0
008 240923b xxu||||| |||| 00| 0 eng d
020 _a978-93-575112-0-9
050 _aN 6490
_b.Al45 2024
100 _aAllan, Clancy
245 _aHandbook of world art
_cAllan, Clancy
260 _aNew Delhi India
_bRandom publications
_cC2024
300 _av, 272p.
_bill. :
_c24cm.
500 _aWorld art.
500 _aHandbook--art.
650 _aIncludes bibliographical references and index.
942 _2lcc
_cBK
999 _c366316
_d366316